000 00539nam a2200193Ia 4500
005 20250326141215.0
008 250326s9999 xx 000 0 und d
020 _a0-631-19166-6
037 _aTextbook
040 _aFMSL
_beng
_cFMSL
041 _aeng
_2eng
084 _aX:97 N5
_qFMSL
100 _aEdwards P
245 0 _aIndustrial relations: theory and practies in Britain
_cEdwards P
260 _aOxford
_bOxford, Blackwell Business
_c1995
300 _a649p
942 _cTB
_hX:97 N5
999 _c1289221
_d1289221